Vida vegetal /
Guardado en:
| Autor Principal: | |
|---|---|
| Formato: | Libro |
| Publicado: |
Buenos Aires :
L. Laserre,
1952
|
| Edición: | 5a. ed. |
| Materias: | |
| Etiquetas: |
Agregar Etiqueta
Sin Etiquetas, Sea el primero en etiquetar este registro!
|
| LEADER | 00748nam a22001935a 4500 | ||
|---|---|---|---|
| 001 | CEM.cems001465 | ||
| 005 | 20060214000000.0 | ||
| 008 | 130507s1952##################000#0#####d | ||
| 003 | CEMS | ||
| 082 | 0 | 4 | |a 580 |
| 100 | 1 | |a Casanave, Antonio | |
| 245 | 1 | 0 | |a Vida vegetal / |
| 250 | |a 5a. ed. | ||
| 260 | |a Buenos Aires : |b L. Laserre, |c 1952 | ||
| 300 | |a 361 p. | ||
| 505 | 0 | |a Estudio comparativo de plantas con flores.- La semilla.- La ra¡z y el tallo.- La flor.- Estudio comparativo de plantas sin flores.- Concepto de célula y tejido.- Clasificaci¢n del reino vegetal. Plantas £tiles y da¤inas. El hombre frente a la naturaleza | |
| 653 | |a Botanica | ||
| 653 | |a Fitogeografia argentina | ||
| 859 | |a CEMS |b BIB. CEMS - 11 de abril |h 580 |i C262a5 |p 2040.74 |t Ej.1 | ||
